The Archaeological Treasures of Northern Odisha/ (Record no. 207389)

MARC details
000 -LEADER
fixed length control field 00716nam a22002057a 4500
005 - DATE AND TIME OF LATEST TRANSACTION
control field 20241204112248.0
010 ## - LCCN (DPL NO)
LC control number ENG-142826
020 ## - INTERNATIONAL STANDARD BOOK NUMBER
Terms of availability 575.00
035 ## - SYSTEM CONTROL NUMBER
System control number EN-126358
037 ## - SOURCE OF ACQUISITION
Source of stock number/acquisition DBAD
082 ## - DEWEY DECIMAL CLASSIFICATION NUMBER
Classification number 934.0954
Edition number 1
100 ## - MAIN ENTRY--PERSONAL NAME
Personal name Tripathy, Bhagabat
245 ## - TITLE STATEMENT
Title The Archaeological Treasures of Northern Odisha/
Statement of responsibility, etc by Bhagabat Tripathy
250 ## - EDITION STATEMENT
Edition statement First
260 ## - PUBLICATION, DISTRIBUTION, ETC. (IMPRINT)
Place of publication, distribution, etc New Delhi
Name of publisher, distributor, etc Aravali Books International (P) Ltd.
Date of publication, distribution, etc 2013
270 ## - ADDRESS
City New Delhi
Address W-30, Okhla Industrial Area, Phase II,
Postal code 110020
Telephone number 2638883032
-- 47173300
Fax number 26388829
Electronic mail address aravaliprinters@gmail.com
300 ## - PHYSICAL DESCRIPTION
Extent 234p.
Dimensions 24cm(hbk)
700 ## - ADDED ENTRY--PERSONAL NAME
Personal name translated by Geshe Thupten Jinpa
9 (RLIN) 74635
942 ## - ADDED ENTRY ELEMENTS (KOHA)
Source of classification or shelving scheme Dewey Decimal Classification
Item type English Books
Classification part 934.0954
Call number suffix TRI
Holdings
Withdrawn status Lost status Not for loan Collection code Home library Current library Date acquired Source of acquisition Cost, normal purchase price Full call number Barcode Copy number Cost, replacement price Koha item type
      Non-fiction Central Library Central Library 04/12/2024 DBAD 575.00 934.0954 TRI EN-126358 1 575.00 English Books

© Delhi Public Library
Hit Counter
free hit counter